[Event "Baku Chess Olympiad | Open"]
[Site "chess24.com"]
[Date "2016.09.10"]
[Round "8"]
[White "Skoberne, Jure"]
[Black "Halkias, Stelios"]
[Result "0-1"]
[Board "4"]
[WhiteID "14604299"]
[WhiteElo "2562"]
[WhiteTitle "GM"]
[WhiteCountry "SLO"]
[WhiteFideId "14604299"]
[WhiteEloChange "-5"]
[BlackID "4201809"]
[BlackElo "2565"]
[BlackTitle "GM"]
[BlackCountry "GRE"]
[BlackFideId "4201809"]
[BlackEloChange "5"]

1. d4 {[%clk 1:30:57]} Nf6 {[%clk 1:30:44]} 2. Nf3 {[%clk 1:31:14]} e6 {[%clk
1:30:52]} 3. Bf4 {[%clk 1:31:12]} d5 {[%clk 1:30:54]} 4. e3 {[%clk 1:30:22]} Bd6
{[%clk 1:31:10]} 5. Bg3 {[%clk 1:29:37]} O-O {[%clk 1:31:09]} 6. Nbd2 {[%clk
1:29:11]} c5 {[%clk 1:30:57]} 7. c3 {[%clk 1:28:19]} b6 {[%clk 1:30:46]} 8. Qb1
{[%clk 1:19:30]} Bb7 {[%clk 1:13:19]} 9. Bd3 {[%clk 1:19:25]} Nc6 {[%clk
1:09:30]} 10. Ne5 {[%clk 1:16:15]} Qc7 {[%clk 1:07:44]} 11. f4 {[%clk 1:15:56]}
g6 {[%clk 1:03:24]} 12. O-O {[%clk 0:42:37]} Ne7 {[%clk 1:02:03]} 13. Bh4 {[%clk
0:38:17]} Ne8 {[%clk 1:01:59]} 14. g4 {[%clk 0:20:43]} f6 {[%clk 0:36:55]} 15.
Nef3 {[%clk 0:18:18]} Ng7 {[%clk 0:34:30]} 16. Qe1 {[%clk 0:16:09]} Nc6 {[%clk
0:27:42]} 17. g5 {[%clk 0:16:21]} f5 {[%clk 0:26:24]} 18. Qf2 {[%clk 0:14:03]} c4
{[%clk 0:23:19]} 19. Be2 {[%clk 0:14:04]} b5 {[%clk 0:23:19]} 20. Bg3 {[%clk
0:13:04]} b4 {[%clk 0:22:40]} 21. Ne5 {[%clk 0:12:33]} bxc3 {[%clk 0:15:40]} 22.
bxc3 {[%clk 0:12:58]} Nxe5 {[%clk 0:13:44]} 23. fxe5 {[%clk 0:12:58]} Ba3 {[%clk
0:13:04]} 24. Rfb1 {[%clk 0:12:53]} Bc6 {[%clk 0:12:54]} 25. Nf3 {[%clk 0:12:24]}
Qa5 {[%clk 0:09:22]} 26. Qe1 {[%clk 0:12:45]} Rfb8 {[%clk 0:09:02]} 27. Qd2
{[%clk 0:13:09]} Rb6 {[%clk 0:08:46]} 28. Rxb6 {[%clk 0:11:54]} Qxb6 {[%clk
0:06:23]} 29. Be1 {[%clk 0:10:26]} Rb8 {[%clk 0:05:18]} 30. Qc2 {[%clk 0:10:50]}
Qb2 {[%clk 0:04:19]} 31. Qxb2 {[%clk 0:11:15]} Bxb2 {[%clk 0:04:15]} 32. Rb1
{[%clk 0:11:25]} Ba4 {[%clk 0:04:17]} 33. Bd1 {[%clk 0:11:50]} Bxd1 {[%clk
0:04:21]} 34. Rxd1 {[%clk 0:12:15]} Ba3 {[%clk 0:04:27]} 35. Kf2 {[%clk 0:08:21]}
Ne8 {[%clk 0:04:21]} 36. Ke2 {[%clk 0:08:26]} Nc7 {[%clk 0:04:23]} 37. Rd2 {[%clk
0:08:21]} Rb1 {[%clk 0:03:14]} 38. Rc2 {[%clk 0:08:16]} Nb5 {[%clk 0:02:55]} 39.
Nd2 {[%clk 0:07:30]} Ra1 {[%clk 0:02:36]} 40. Nf3 {[%clk 0:37:07]} Kf7 {[%clk
0:31:51]} 41. h4 {[%clk 0:36:48]} a6 {[%clk 0:30:35]} 42. Bd2 {[%clk 0:33:10]}
Rb1 {[%clk 0:26:31]} 43. Be1 {[%clk 0:32:41]} Ke8 {[%clk 0:25:27]} 44. Kf2 {[%clk
0:19:30]} a5 {[%clk 0:19:23]} 45. Nd2 {[%clk 0:17:49]} Ra1 {[%clk 0:19:22]} 46.
Nf3 {[%clk 0:18:12]} Kf7 {[%clk 0:16:25]} 47. Ke2 {[%clk 0:18:03]} a4 {[%clk
0:12:40]} 48. Kf2 {[%clk 0:18:12]} Ke7 {[%clk 0:09:37]} 49. Ke2 {[%clk 0:18:04]}
Ke8 {[%clk 0:07:10]} 50. Kf2 {[%clk 0:18:23]} Kd7 {[%clk 0:07:12]} 51. Ke2 {[%clk
0:18:48]} Kc6 {[%clk 0:06:28]} 52. Kf2 {[%clk 0:19:14]} Rb1 {[%clk 0:04:25]} 53.
Nd2 {[%clk 0:19:05]} Ra1 {[%clk 0:04:50]} 54. Nf3 {[%clk 0:19:32]} Bc1 {[%clk
0:03:44]} 55. Bd2 {[%clk 0:19:24]} Bxd2 {[%clk 0:03:56]} 56. Nxd2 {[%clk
0:19:49]} a3 {[%clk 0:04:19]} 57. Nf3 {[%clk 0:19:07]} Kd7 {[%clk 0:04:03]} 58.
Ne1 {[%clk 0:17:46]} Nc7 {[%clk 0:03:02]} 59. Ke2 {[%clk 0:15:30]} Na8 {[%clk
0:02:44]} 60. Kd2 {[%clk 0:14:59]} Nb6 {[%clk 0:02:56]} 61. Rc1 {[%clk 0:12:22]}
Rxa2+ {[%clk 0:02:54]} 62. Nc2 {[%clk 0:12:45]} Rb2 {[%clk 0:00:58]} 63. Ra1
{[%clk 0:13:07]} a2 {[%clk 0:01:20]} 64. Kc1 {[%clk 0:13:24]} Na4 {[%clk
0:01:31]} 65. Nb4 {[%clk 0:13:43]} Rb1+ {[%clk 0:01:15]} 66. Rxb1 {[%clk
0:14:08]} axb1Q+ {[%clk 0:01:42]} 67. Kxb1 {[%clk 0:14:33]} Nxc3+ {[%clk
0:02:07]} 68. Kc2 {[%clk 0:14:08]} Ne4 {[%clk 0:02:33]} 69. Na2 {[%clk 0:13:35]}
Kc6 {[%clk 0:01:18]} 70. Nc1 {[%clk 0:13:59]} Ng3 {[%clk 0:01:23]} 71. Kd2 {[%clk
0:10:08]} Kb5 {[%clk 0:01:45]} 72. Na2 {[%clk 0:10:36]} Ka5 {[%clk 0:00:55]} 73.
Nc3 {[%clk 0:10:26]} Kb4 {[%clk 0:00:39]} 74. Kc2 {[%clk 0:10:48]} Ka5 {[%clk
0:00:43]} 75. Kd2 {[%clk 0:11:04]} Ne4+ {[%clk 0:01:00]} 76. Nxe4 {[%clk
0:11:17]} fxe4 {[%clk 0:01:25]} 77. Kc3 {[%clk 0:10:05]} Ka4 {[%clk 0:01:48]} 78.
Kb2 {[%clk 0:10:07]} Kb4 {[%clk 0:02:14]} 79. Kc2 {[%clk 0:10:34]} c3 {[%clk
0:02:19]} 80. Kc1 {[%clk 0:11:00]} Kb3 {[%clk 0:02:28]} 81. Kb1 {[%clk 0:11:21]}
c2+ {[%clk 0:02:39]} 82. Kc1 {[%clk 0:11:42]} Kc3 {[%clk 0:03:03]} 83. h5 {[%clk
0:12:09]} Kd3 {[%clk 0:03:28]} 0-1

[Event "Baku Chess Olympiad | Open"]
[Site "chess24.com"]
[Date "2016.09.10"]
[Round "8"]
[White "Ortiz Suarez, Isan Reynaldo"]
[Black "Bok, Benjamin"]
[Result "1-0"]
[Board "4"]
[WhiteID "3507165"]
[WhiteElo "2581"]
[WhiteTitle "GM"]
[WhiteCountry "CUB"]
[WhiteFideId "3507165"]
[WhiteEloChange "5"]
[BlackID "1017063"]
[BlackElo "2592"]
[BlackTitle "GM"]
[BlackCountry "NED"]
[BlackFideId "1017063"]
[BlackEloChange "-5"]

1. e4 {[%clk 1:30:57]} e5 {[%clk 1:30:56]} 2. Nf3 {[%clk 1:31:15]} Nc6 {[%clk
1:31:21]} 3. Bc4 {[%clk 1:31:09]} Bc5 {[%clk 1:31:46]} 4. O-O {[%clk 1:31:27]}
Nf6 {[%clk 1:32:13]} 5. d3 {[%clk 1:31:53]} d6 {[%clk 1:32:37]} 6. c3 {[%clk
1:32:08]} a6 {[%clk 1:33:00]} 7. a4 {[%clk 1:32:26]} Ba7 {[%clk 1:33:19]} 8. Nbd2
{[%clk 1:29:52]} O-O {[%clk 1:32:14]} 9. h3 {[%clk 1:29:20]} Ne7 {[%clk 1:18:20]}
10. Re1 {[%clk 1:25:58]} Ng6 {[%clk 1:18:38]} 11. Nf1 {[%clk 1:25:57]} c6 {[%clk
1:18:06]} 12. Ng3 {[%clk 1:20:34]} Re8 {[%clk 1:11:42]} 13. Bb3 {[%clk 1:17:45]}
d5 {[%clk 1:00:38]} 14. d4 {[%clk 0:55:50]} dxe4 {[%clk 0:43:54]} 15. Nxe4 {[%clk
0:47:05]} Nxe4 {[%clk 0:42:36]} 16. Rxe4 {[%clk 0:47:27]} Bf5 {[%clk 0:36:02]}
17. Ng5 {[%clk 0:47:27]} Nh8 {[%clk 0:06:41]} 18. Rxe5 {[%clk 0:17:40]} Rxe5
{[%clk 0:07:07]} 19. dxe5 {[%clk 0:18:06]} Qxd1+ {[%clk 0:07:31]} 20. Bxd1 {[%clk
0:18:31]} Rd8 {[%clk 0:07:26]} 21. Bb3 {[%clk 0:17:40]} h6 {[%clk 0:07:45]} 22.
Nf3 {[%clk 0:13:06]} Ng6 {[%clk 0:07:28]} 23. Be3 {[%clk 0:09:09]} Bxe3 {[%clk
0:07:48]} 24. fxe3 {[%clk 0:09:36]} Re8 {[%clk 0:03:51]} 25. Rd1 {[%clk 0:06:47]}
Nxe5 {[%clk 0:03:07]} 26. Nxe5 {[%clk 0:07:12]} Rxe5 {[%clk 0:03:36]} 27. Rd8+
{[%clk 0:07:33]} Kh7 {[%clk 0:04:06]} 28. Bxf7 {[%clk 0:04:36]} Rxe3 {[%clk
0:04:34]} 29. Kf2 {[%clk 0:01:05]} Re7 {[%clk 0:04:48]} 30. Bg8+ {[%clk 0:01:18]}
Kg6 {[%clk 0:05:17]} 31. g4 {[%clk 0:00:39]} Bc2 {[%clk 0:02:32]} 32. h4 {[%clk
0:00:46]} Kf6 {[%clk 0:02:53]} 33. a5 {[%clk 0:00:57]} Be4 {[%clk 0:02:04]} 34.
Kg3 {[%clk 0:01:02]} Ke5 {[%clk 0:02:13]} 35. Rd2 {[%clk 0:00:50]} Re8 {[%clk
0:01:31]} 36. Bf7 {[%clk 0:00:40]} Re7 {[%clk 0:00:57]} 37. Ba2 {[%clk 0:01:04]}
g5 {[%clk 0:00:37]} 38. hxg5 {[%clk 0:00:58]} hxg5 {[%clk 0:01:05]} 39. Rd8
{[%clk 0:00:37]} c5 {[%clk 0:00:40]} 40. Bc4 {[%clk 0:30:37]} Kf6 {[%clk
0:30:32]} 41. Rc8 {[%clk 0:28:34]} Re5 {[%clk 0:22:11]} 42. Rc7 {[%clk 0:28:57]}
Bh1 {[%clk 0:19:45]} 43. Kf2 {[%clk 0:26:35]} Be4 {[%clk 0:19:24]} 44. Be2 {[%clk
0:16:19]} Ke6 {[%clk 0:16:12]} 45. c4 {[%clk 0:15:56]} Kd6 {[%clk 0:13:23]} 46.
Rg7 {[%clk 0:16:21]} Kc6 {[%clk 0:01:44]} 47. Bf3 {[%clk 0:16:26]} Bxf3 {[%clk
0:01:53]} 48. Kxf3 {[%clk 0:16:52]} Re1 {[%clk 0:02:06]} 49. Rg6+ {[%clk
0:17:09]} Kd7 {[%clk 0:01:18]} 50. Rxg5 {[%clk 0:17:32]} Kc6 {[%clk 0:00:59]} 51.
Rg6+ {[%clk 0:15:54]} Kc7 {[%clk 0:01:10]} 52. Rg7+ {[%clk 0:15:50]} Kc6 {[%clk
0:01:35]} 53. g5 {[%clk 0:15:31]} Rc1 {[%clk 0:01:08]} 54. g6 {[%clk 0:14:59]}
Rxc4 {[%clk 0:00:34]} 55. Rg8 {[%clk 0:15:07]} Rc1 {[%clk 0:00:33]} 56. g7 {[%clk
0:15:23]} Rg1 {[%clk 0:00:53]} 57. Rc8+ {[%clk 0:15:48]} Kb5 {[%clk 0:01:20]} 58.
g8Q {[%clk 0:16:13]} Rxg8 {[%clk 0:01:45]} 59. Rxg8 {[%clk 0:16:39]} Kxa5 {[%clk
0:01:35]} 60. Ke2 {[%clk 0:17:02]} 1-0

[Event "Baku Chess Olympiad | Open"]
[Site "chess24.com"]
[Date "2016.09.10"]
[Round "8"]
[White "Vakhidov, Jahongir"]
[Black "Mandizha, Farai"]
[Result "1-0"]
[Board "2"]
[WhiteID "14201801"]
[WhiteElo "2583"]
[WhiteTitle "GM"]
[WhiteCountry "UZB"]
[WhiteFideId "14201801"]
[WhiteEloChange "2"]
[BlackID "11000430"]
[BlackElo "2357"]
[BlackTitle "IM"]
[BlackCountry "ZIM"]
[BlackFideId "11000430"]
[BlackEloChange "-4"]

1. d4 {[%clk 1:30:44]} Nf6 {[%clk 1:30:56]} 2. Nf3 {[%clk 1:30:47]} g6 {[%clk
1:31:14]} 3. c4 {[%clk 1:30:30]} Bg7 {[%clk 1:31:40]} 4. g3 {[%clk 1:30:44]} O-O
{[%clk 1:32:04]} 5. Bg2 {[%clk 1:31:01]} d6 {[%clk 1:32:32]} 6. Nc3 {[%clk
1:31:16]} Nbd7 {[%clk 1:32:55]} 7. O-O {[%clk 1:31:25]} e5 {[%clk 1:33:10]} 8. e4
{[%clk 1:31:38]} exd4 {[%clk 1:29:37]} 9. Nxd4 {[%clk 1:31:54]} Re8 {[%clk
1:29:31]} 10. h3 {[%clk 1:31:19]} a6 {[%clk 1:29:48]} 11. Be3 {[%clk 1:31:11]}
Rb8 {[%clk 1:29:18]} 12. b3 {[%clk 1:29:49]} Ne5 {[%clk 1:17:54]} 13. a4 {[%clk
1:30:03]} c5 {[%clk 1:17:21]} 14. Nde2 {[%clk 1:30:22]} Nc6 {[%clk 1:17:10]} 15.
Qd2 {[%clk 1:24:05]} Be6 {[%clk 1:08:36]} 16. f4 {[%clk 1:19:11]} Na5 {[%clk
0:54:12]} 17. Rab1 {[%clk 0:36:23]} b5 {[%clk 0:49:16]} 18. axb5 {[%clk 0:24:49]}
axb5 {[%clk 0:49:43]} 19. cxb5 {[%clk 0:24:42]} Bxb3 {[%clk 0:46:30]} 20. Bf2
{[%clk 0:24:28]} Be6 {[%clk 0:30:16]} 21. Rfd1 {[%clk 0:20:24]} Nc4 {[%clk
0:28:42]} 22. Qc1 {[%clk 0:20:53]} Qc7 {[%clk 0:25:19]} 23. g4 {[%clk 0:21:07]}
Nb6 {[%clk 0:25:05]} 24. Ng3 {[%clk 0:15:56]} Bc4 {[%clk 0:19:49]} 25. g5 {[%clk
0:12:46]} Nfd7 {[%clk 0:20:11]} 26. e5 {[%clk 0:13:01]} dxe5 {[%clk 0:19:45]} 27.
f5 {[%clk 0:13:30]} Bf8 {[%clk 0:16:49]} 28. Bc6 {[%clk 0:13:41]} gxf5 {[%clk
0:15:15]} 29. Nxf5 {[%clk 0:13:41]} Be6 {[%clk 0:15:42]} 30. Ne3 {[%clk 0:09:27]}
Red8 {[%clk 0:14:30]} 31. Qc2 {[%clk 0:09:22]} Bg7 {[%clk 0:13:10]} 32. Nf5
{[%clk 0:04:05]} c4 {[%clk 0:07:35]} 33. h4 {[%clk 0:03:23]} Nf8 {[%clk 0:06:30]}
34. h5 {[%clk 0:03:00]} Rd4 {[%clk 0:04:32]} 35. Nxd4 {[%clk 0:01:48]} exd4
{[%clk 0:04:58]} 36. Rxd4 {[%clk 0:01:13]} Bxd4 {[%clk 0:04:26]} 37. Bxd4 {[%clk
0:01:42]} Qf4 {[%clk 0:04:48]} 38. Ne4 {[%clk 0:00:54]} Nfd7 {[%clk 0:03:45]} 39.
Qg2 {[%clk 0:31:04]} Nd5 {[%clk 0:31:02]} 40. Rf1 {[%clk 0:22:20]} Qh4 {[%clk
0:28:55]} 41. Nf6+ {[%clk 0:15:30]} N5xf6 {[%clk 0:28:58]} 42. gxf6+ {[%clk
0:15:46]} Qg4 {[%clk 0:29:14]} 43. Qxg4+ {[%clk 0:15:43]} Bxg4 {[%clk 0:29:42]}
44. Kf2 {[%clk 0:15:44]} Be6 {[%clk 0:25:55]} 45. Rg1+ {[%clk 0:16:08]} Kh8
{[%clk 0:26:14]} 46. Re1 {[%clk 0:16:33]} Nf8 {[%clk 0:25:34]} 47. b6 {[%clk
0:16:18]} h6 {[%clk 0:06:08]} 48. b7 {[%clk 0:15:17]} Bd7 {[%clk 0:04:56]} 49.
Bf3 {[%clk 0:13:50]} Bf5 {[%clk 0:01:27]} 50. Ba7 {[%clk 0:12:30]} Rd8 {[%clk
0:01:54]} 51. b8Q {[%clk 0:11:32]} Rxb8 {[%clk 0:02:21]} 52. Bxb8 {[%clk
0:11:47]} Ne6 {[%clk 0:02:34]} 53. Bd5 {[%clk 0:10:49]} c3 {[%clk 0:03:01]} 54.
Bxe6 {[%clk 0:10:55]} Bxe6 {[%clk 0:02:55]} 55. Rc1 {[%clk 0:11:14]} Bg4 {[%clk
0:01:19]} 56. Rxc3 {[%clk 0:11:21]} 1-0

[Event "Baku Chess Olympiad | Open"]
[Site "chess24.com"]
[Date "2016.09.10"]
[Round "8"]
[White "Mushore, Emarald Takudzwa"]
[Black "Dzhumaev, Marat"]
[Result "0-1"]
[Board "3"]
[WhiteID "11309504"]
[WhiteElo "2187"]
[WhiteCountry "ZIM"]
[WhiteFideId "11309504"]
[WhiteEloChange "-4"]
[BlackID "14200236"]
[BlackElo "2450"]
[BlackTitle "GM"]
[BlackCountry "UZB"]
[BlackFideId "14200236"]
[BlackEloChange "2"]

1. e4 {[%clk 1:30:53]} g6 {[%clk 1:30:24]} 2. d4 {[%clk 1:31:01]} d6 {[%clk
1:30:34]} 3. Nc3 {[%clk 1:31:21]} c6 {[%clk 1:30:46]} 4. a4 {[%clk 1:31:41]} Bg7
{[%clk 1:30:38]} 5. Nf3 {[%clk 1:31:05]} Nf6 {[%clk 1:30:45]} 6. Be2 {[%clk
1:31:04]} O-O {[%clk 1:31:02]} 7. O-O {[%clk 1:31:26]} Nbd7 {[%clk 1:31:27]} 8.
e5 {[%clk 1:28:01]} Ne8 {[%clk 1:29:52]} 9. Bf4 {[%clk 1:26:43]} d5 {[%clk
1:29:33]} 10. Re1 {[%clk 1:25:41]} Nc7 {[%clk 1:28:49]} 11. Qd2 {[%clk 1:24:27]}
Nb6 {[%clk 1:21:30]} 12. h3 {[%clk 1:23:03]} Be6 {[%clk 1:14:12]} 13. Bf1 {[%clk
1:16:07]} Rc8 {[%clk 1:07:03]} 14. Ne2 {[%clk 1:09:49]} Nc4 {[%clk 1:05:14]} 15.
Qc1 {[%clk 1:09:50]} Na6 {[%clk 1:05:18]} 16. Ng3 {[%clk 1:05:41]} c5 {[%clk
0:55:42]} 17. Bh6 {[%clk 0:56:17]} Qd7 {[%clk 0:35:10]} 18. b3 {[%clk 0:46:05]}
Na5 {[%clk 0:34:57]} 19. Nh5 {[%clk 0:33:35]} Bh8 {[%clk 0:11:54]} 20. Bxf8
{[%clk 0:32:51]} Rxf8 {[%clk 0:12:16]} 21. Nf4 {[%clk 0:18:07]} Nc6 {[%clk
0:11:34]} 22. c3 {[%clk 0:17:48]} cxd4 {[%clk 0:10:29]} 23. Bxa6 {[%clk 0:18:03]}
bxa6 {[%clk 0:10:40]} 24. cxd4 {[%clk 0:18:24]} Bg7 {[%clk 0:02:56]} 25. Nd3
{[%clk 0:17:16]} Bf5 {[%clk 0:02:29]} 26. Nc5 {[%clk 0:17:32]} Qd8 {[%clk
0:02:30]} 27. a5 {[%clk 0:13:47]} Nb8 {[%clk 0:00:41]} 28. Qd2 {[%clk 0:13:52]}
f6 {[%clk 0:01:05]} 29. Rac1 {[%clk 0:10:22]} Nd7 {[%clk 0:00:46]} 30. Nxd7
{[%clk 0:09:08]} Qxd7 {[%clk 0:01:08]} 31. e6 {[%clk 0:07:53]} Qd6 {[%clk
0:00:58]} 32. Qe3 {[%clk 0:07:20]} g5 {[%clk 0:00:41]} 33. Rc5 {[%clk 0:07:13]}
h5 {[%clk 0:00:45]} 34. h4 {[%clk 0:06:45]} g4 {[%clk 0:01:03]} 35. Nd2 {[%clk
0:06:57]} Bg6 {[%clk 0:00:34]} 36. Qg3 {[%clk 0:07:10]} Qd8 {[%clk 0:00:35]} 37.
b4 {[%clk 0:04:49]} f5 {[%clk 0:01:00]} 38. Qf4 {[%clk 0:05:13]} Qb8 {[%clk
0:00:37]} 39. Qxb8 {[%clk 0:05:33]} Rxb8 {[%clk 0:01:04]} 40. Rxd5 {[%clk
0:35:56]} Rxb4 {[%clk 0:31:29]} 41. Rd8+ {[%clk 0:36:19]} Kh7 {[%clk 0:31:53]}
42. d5 {[%clk 0:34:21]} Bd4 {[%clk 0:18:33]} 43. Nf1 {[%clk 0:29:55]} Rb2 {[%clk
0:14:05]} 44. Ne3 {[%clk 0:30:14]} f4 {[%clk 0:08:20]} 45. Nd1 {[%clk 0:24:41]}
Rd2 {[%clk 0:02:17]} 46. Rf8 {[%clk 0:24:30]} f3 {[%clk 0:00:55]} 47. g3 {[%clk
0:18:11]} Re2 {[%clk 0:01:19]} 48. Kf1 {[%clk 0:10:18]} Bd3 {[%clk 0:01:11]} 49.
Rxe2 {[%clk 0:10:39]} fxe2+ {[%clk 0:01:33]} 50. Ke1 {[%clk 0:11:06]} exd1Q+
{[%clk 0:01:26]} 51. Kxd1 {[%clk 0:11:34]} Bc5 {[%clk 0:01:44]} 52. Kd2 {[%clk
0:10:29]} Be4 {[%clk 0:01:09]} 53. Kc3 {[%clk 0:10:04]} Kg6 {[%clk 0:00:55]} 54.
Kc4 {[%clk 0:09:57]} Bd6 {[%clk 0:01:12]} 55. Kd4 {[%clk 0:10:01]} Bf3 {[%clk
0:01:21]} 56. Ra8 {[%clk 0:08:16]} Be2 {[%clk 0:01:34]} 57. Rxa7 {[%clk 0:08:25]}
Kf5 {[%clk 0:00:56]} 58. Ra8 {[%clk 0:08:46]} Be5+ {[%clk 0:01:06]} 59. Kc5
{[%clk 0:04:45]} Ke4 {[%clk 0:01:26]} 60. Rf8 {[%clk 0:04:53]} Bb5 {[%clk
0:00:46]} 61. Rf7 {[%clk 0:02:02]} Bd6+ {[%clk 0:00:39]} 62. Kb6 {[%clk 0:02:21]}
Ke5 {[%clk 0:00:44]} 63. Rh7 {[%clk 0:02:29]} Kxd5 {[%clk 0:00:52]} 64. Rxh5+
{[%clk 0:02:50]} Be5 {[%clk 0:01:04]} 65. Rg5 {[%clk 0:03:06]} Be2 {[%clk
0:01:26]} 66. h5 {[%clk 0:02:47]} Kxe6 {[%clk 0:01:52]} 67. h6 {[%clk 0:03:07]}
Bd4+ {[%clk 0:01:57]} 68. Kb7 {[%clk 0:03:27]} Bd3 {[%clk 0:00:33]} 69. Rxg4
{[%clk 0:03:43]} Bxf2 {[%clk 0:00:55]} 70. Rg7 {[%clk 0:02:29]} Bd4 {[%clk
0:01:08]} 71. Rg4 {[%clk 0:02:16]} Bf6 {[%clk 0:01:18]} 72. Rf4 {[%clk 0:02:12]}
Kf7 {[%clk 0:01:28]} 73. h7 {[%clk 0:01:42]} Kg7 {[%clk 0:01:38]} 74. Ka7 {[%clk
0:01:42]} 0-1

[Event "Baku Chess Olympiad | Open"]
[Site "chess24.com"]
[Date "2016.09.10"]
[Round "8"]
[White "Smith, Axel"]
[Black "Belouadah, Saad"]
[Result "0-1"]
[Board "3"]
[WhiteID "1707930"]
[WhiteElo "2516"]
[WhiteTitle "GM"]
[WhiteCountry "SWE"]
[WhiteFideId "1707930"]
[WhiteEloChange "-7"]
[BlackID "7900856"]
[BlackElo "2340"]
[BlackTitle "IM"]
[BlackCountry "ALG"]
[BlackFideId "7900856"]
[BlackEloChange "15"]

1. e4 {[%clk 1:30:59]} d5 {[%clk 1:29:37]} 2. exd5 {[%clk 1:31:26]} Nf6 {[%clk
1:29:11]} 3. d4 {[%clk 1:31:46]} Nxd5 {[%clk 1:29:38]} 4. Nf3 {[%clk 1:31:43]} g6
{[%clk 1:29:59]} 5. c4 {[%clk 1:31:47]} Nb6 {[%clk 1:30:14]} 6. Nc3 {[%clk
1:32:07]} Bg7 {[%clk 1:30:36]} 7. c5 {[%clk 1:32:15]} Nd5 {[%clk 1:31:01]} 8. Bc4
{[%clk 1:32:40]} Nf6 {[%clk 1:31:06]} 9. O-O {[%clk 1:30:36]} O-O {[%clk
1:31:30]} 10. Ne5 {[%clk 1:14:32]} Nc6 {[%clk 1:29:12]} 11. Nxc6 {[%clk 1:13:54]}
bxc6 {[%clk 1:29:40]} 12. Re1 {[%clk 1:08:29]} Bf5 {[%clk 1:25:17]} 13. Bf4
{[%clk 1:03:46]} Nd5 {[%clk 1:10:39]} 14. Be5 {[%clk 0:53:51]} Rb8 {[%clk
0:59:59]} 15. Qd2 {[%clk 0:50:40]} e6 {[%clk 0:55:43]} 16. Rad1 {[%clk 0:46:50]}
Bxe5 {[%clk 0:52:41]} 17. Rxe5 {[%clk 0:45:00]} Qh4 {[%clk 0:51:35]} 18. g3
{[%clk 0:43:06]} Qf6 {[%clk 0:50:49]} 19. Be2 {[%clk 0:26:26]} h5 {[%clk
0:47:38]} 20. Nxd5 {[%clk 0:21:12]} cxd5 {[%clk 0:45:02]} 21. Re3 {[%clk
0:14:32]} c6 {[%clk 0:37:17]} 22. b4 {[%clk 0:14:55]} Rfe8 {[%clk 0:37:28]} 23.
a4 {[%clk 0:14:17]} Kg7 {[%clk 0:34:35]} 24. b5 {[%clk 0:13:11]} Rec8 {[%clk
0:32:43]} 25. Qb4 {[%clk 0:10:39]} Bc2 {[%clk 0:30:00]} 26. Rc1 {[%clk 0:10:00]}
Be4 {[%clk 0:30:24]} 27. f3 {[%clk 0:09:06]} Bf5 {[%clk 0:29:52]} 28. b6 {[%clk
0:08:45]} g5 {[%clk 0:19:50]} 29. a5 {[%clk 0:08:50]} h4 {[%clk 0:20:09]} 30. g4
{[%clk 0:08:35]} Bg6 {[%clk 0:20:28]} 31. Qd2 {[%clk 0:07:36]} Qf4 {[%clk
0:20:10]} 32. Rd1 {[%clk 0:06:54]} Re8 {[%clk 0:19:36]} 33. Rb3 {[%clk 0:02:52]}
e5 {[%clk 0:17:04]} 34. Qxf4 {[%clk 0:02:46]} exf4 {[%clk 0:17:27]} 35. Kf2
{[%clk 0:02:33]} Bc2 {[%clk 0:17:30]} 36. Rdb1 {[%clk 0:02:21]} Bxb1 {[%clk
0:17:33]} 37. Rxb1 {[%clk 0:02:49]} Re3 {[%clk 0:17:14]} 38. bxa7 {[%clk
0:01:05]} Rxb1 {[%clk 0:04:53]} 39. a8Q {[%clk 0:01:30]} Rb2 {[%clk 0:05:19]} 40.
Qa6 {[%clk 0:30:57]} h3 {[%clk 0:34:32]} 41. Ke1 {[%clk 0:12:51]} Rb1+ {[%clk
0:27:13]} 42. Kf2 {[%clk 0:13:19]} Rb2 {[%clk 0:26:12]} 43. Ke1 {[%clk 0:13:42]}
Rb1+ {[%clk 0:10:41]} 44. Kf2 {[%clk 0:13:47]} Rh1 {[%clk 0:06:04]} 45. Bf1
{[%clk 0:13:50]} Ra3 {[%clk 0:06:11]} 46. Qxc6 {[%clk 0:12:46]} Ra2+ {[%clk
0:04:58]} 47. Ke1 {[%clk 0:07:05]} Rhxh2 {[%clk 0:05:10]} 48. Qxd5 {[%clk
0:06:17]} Ra1# {[%clk 0:05:34]} 0-1

[Event "Baku Chess Olympiad | Open"]
[Site "chess24.com"]
[Date "2016.09.10"]
[Round "8"]
[White "Ismagambetov, Anuar"]
[Black "Huguet, Sergio"]
[Result "*"]
[Board "3"]
[WhiteID "13701525"]
[WhiteElo "2542"]
[WhiteTitle "GM"]
[WhiteCountry "KAZ"]
[WhiteFideId "13701525"]
[BlackID "2212552"]
[BlackElo "2099"]
[BlackTitle "FM"]
[BlackCountry "HON"]
[BlackFideId "2212552"]

1. e4 {[%clk 1:30:56]} c5 {[%clk 1:30:49]} 2. Nf3 {[%clk 1:31:13]} Nc6 {[%clk
1:30:59]} 3. d4 {[%clk 1:31:11]} cxd4 {[%clk 1:31:20]} 4. Nxd4 {[%clk 1:31:35]}
g6 {[%clk 1:31:42]} 5. c4 {[%clk 1:31:17]} Bg7 {[%clk 1:31:24]} 6. Be3 {[%clk
1:31:23]} Nf6 {[%clk 1:31:12]} 7. Nc3 {[%clk 1:31:25]} d6 {[%clk 1:28:46]} 8. Be2
{[%clk 1:31:20]} O-O {[%clk 1:28:36]} 9. O-O {[%clk 1:31:25]} Nxd4 {[%clk
1:25:50]} 10. Bxd4 {[%clk 1:31:26]} Nd7 {[%clk 1:24:00]} 11. Bxg7 {[%clk
1:28:41]} Kxg7 {[%clk 1:22:35]} 12. Qd2 {[%clk 1:28:40]} b6 {[%clk 1:18:24]} 13.
f4 {[%clk 1:20:55]} Bb7 {[%clk 1:18:03]} 14. Rad1 {[%clk 1:18:34]} Rc8 {[%clk
1:16:10]} 15. e5 {[%clk 1:14:31]} Nc5 {[%clk 1:01:03]} 16. exd6 {[%clk 1:10:52]}
Qxd6 {[%clk 0:57:46]} 17. Qxd6 {[%clk 1:10:53]} exd6 {[%clk 0:58:11]} 18. Rxd6
{[%clk 1:10:59]} Rfe8 {[%clk 0:55:02]} 19. Rd2 {[%clk 1:00:01]} Ne4 {[%clk
0:49:31]} 20. Nxe4 {[%clk 0:59:41]} Bxe4 {[%clk 0:49:05]} 21. Rfd1 {[%clk
0:57:36]} Rc7 {[%clk 0:45:50]} 22. Bf1 {[%clk 0:57:26]} f5 {[%clk 0:43:27]} 23.
Rd7+ {[%clk 0:55:11]} Re7 {[%clk 0:43:41]} 24. Rxc7 {[%clk 0:54:54]} Rxc7 {[%clk
0:44:03]} 25. Rd2 {[%clk 0:55:13]} Kf6 {[%clk 0:42:13]} 26. Kf2 {[%clk 0:55:23]}
Ke6 {[%clk 0:40:15]} 27. Ke3 {[%clk 0:54:26]} a5 {[%clk 0:30:05]} 28. a3 {[%clk
0:53:34]} Ke7 {[%clk 0:27:49]} 29. g3 {[%clk 0:53:33]} Ra7 {[%clk 0:22:16]} 30.
Be2 {[%clk 0:51:08]} Ra8 {[%clk 0:20:03]} 31. Rd4 {[%clk 0:48:41]} Ra7 {[%clk
0:19:28]} 32. Kd2 {[%clk 0:47:46]} Ra8 {[%clk 0:17:38]} 33. Kc3 {[%clk 0:48:09]}
h6 {[%clk 0:15:06]} 34. Bd3 {[%clk 0:43:01]} Bxd3 {[%clk 0:10:54]} 35. Rxd3
{[%clk 0:41:07]} Rc8 {[%clk 0:08:36]} 36. b4 {[%clk 0:35:49]} axb4+ {[%clk
0:08:51]} 37. axb4 {[%clk 0:36:13]} Ra8 {[%clk 0:05:21]} 38. c5 {[%clk 0:35:23]}
bxc5 {[%clk 0:04:48]} 39. bxc5 {[%clk 0:35:49]} Ra2 {[%clk 0:02:22]} 40. Rd2
{[%clk 1:04:25]} Ra6 {[%clk 0:31:53]} 41. Kb4 {[%clk 1:03:26]} g5 {[%clk
0:26:10]} 42. Kb5 {[%clk 1:01:17]} Ra1 {[%clk 0:26:32]} 43. c6 {[%clk 1:00:23]}
gxf4 {[%clk 0:26:03]} 44. gxf4 {[%clk 1:00:36]} Rb1+ {[%clk 0:24:50]} 45. Ka6
{[%clk 0:58:12]} Rb4 {[%clk 0:24:21]} 46. c7 {[%clk 0:58:24]} Rc4 {[%clk
0:24:33]} 47. Kb6 {[%clk 0:58:45]} Rc1 {[%clk 0:22:02]} *